Los niños, niñas y adolescentes como legitimados pasivos en la acción de nulidad del reconocimiento / (Registro nro. 5305)
[ vista simple ]
| 000 -LEADER | |
|---|---|
| fixed length control field | 01397nab a22002537a 4500 |
| 003 - CONTROL NUMBER IDENTIFIER | |
| control field | OSt |
| 005 - DATE AND TIME OF LATEST TRANSACTION | |
| control field | 20250217210655.0 |
| 008 - FIXED-LENGTH DATA ELEMENTS--GENERAL INFORMATION | |
| fixed length control field | 190603e xxum|||| |||| 00| 0 spa d |
| 040 ## - CATALOGING SOURCE | |
| Transcribing agency | PJ-TDF |
| 100 ## - MAIN ENTRY--PERSONAL NAME | |
| 9 (RLIN) | 5891 |
| Personal name | Pérez Hortal, María Eugenia |
| 245 13 - TITLE STATEMENT | |
| Title | Los niños, niñas y adolescentes como legitimados pasivos en la acción de nulidad del reconocimiento / |
| Statement of responsibility, etc | María Eugenia Pérez Hortal. |
| 260 ## - PUBLICATION, DISTRIBUTION, ETC. (IMPRINT) | |
| Date of publication, distribution, etc | Ciudad Autónoma de Buenos Aires : |
| Place of publication, distribution, etc | Thomson Reuters La Ley, |
| Name of publisher, distributor, etc | 2023. |
| 300 ## - PHYSICAL DESCRIPTION | |
| Extent | p. 169-177 |
| 500 ## - GENERAL NOTE | |
| General note | Cita: TR LALEY AR/DOC/1485/2023. |
| 505 ## - FORMATTED CONTENTS NOTE | |
| Formatted contents note | Sumario: I. Introducción.— II. El planteo judicial. Su desarrollo.— III. Las acciones de desplazamiento de estado filial y los intereses comprometidos.— IV. La participación del NNyA en el proceso. Nociones generales.— V. Reflexiones finales. |
| 505 ## - FORMATTED CONTENTS NOTE | |
| Title | Fallo comentado: ST La Pampa, sala A ~ 14/02/2023 ~ L., M. O. c. A., C. Y. s/ acción de nulidad. |
| 505 ## - FORMATTED CONTENTS NOTE | |
| Title | ¿Te interesa el texto completo? Solicitalo al correo: koha@justierradelfuego.gov.ar |
| 650 #0 - SUBJECT ADDED ENTRY--TOPICAL TERM | |
| 9 (RLIN) | 967 |
| Topical term or geographic name as entry element | DERECHO DE FAMILIA |
| 650 #0 - SUBJECT ADDED ENTRY--TOPICAL TERM | |
| 9 (RLIN) | 2388 |
| Topical term or geographic name as entry element | INTEGRACIÓN DE LA LITIS |
| 650 #0 - SUBJECT ADDED ENTRY--TOPICAL TERM | |
| 9 (RLIN) | 4097 |
| Topical term or geographic name as entry element | INTERES SUPERIOR DEL NIÑO |
| 650 #0 - SUBJECT ADDED ENTRY--TOPICAL TERM | |
| 9 (RLIN) | 6358 |
| Topical term or geographic name as entry element | RECONOCIMIENTO DE HIJO EXTRAMATRIMONIAL |
| 773 0# - HOST ITEM ENTRY | |
| Host Biblionumber | 2713 |
| Host Itemnumber | 3170 |
| Place, publisher, and date of publication | Ciudad Autónoma de Buenos Aires : Thomson Reuters La Ley, 2015- |
| Title | Revista Código Civil y Comercial. Nº 5 - Octubre 2023 |
| 942 ## - ADDED ENTRY ELEMENTS (KOHA) | |
| Source of classification or shelving scheme | |
| Koha item type | Analítica Artículo de Revista |
No hay ítems disponibles.
